| 000 | 01136nam0a2200349 4500 | ||
|---|---|---|---|
| 001 | RU\NLR\bibl\1791366 | ||
| 005 | 20250616142938.0 | ||
| 010 |
_a978-5-93454-149-2 _91000 |
||
| 021 |
_aRU _b2011-48271 _93431 |
||
| 035 | _a(nilc)RSL-KNO-004964694 | ||
| 035 | _a(LIBNET)LIBNET\0000123485 | ||
| 035 | _a(NLR Aleph) 001782072 | ||
| 090 |
_a1703969 _c1703969 |
||
| 100 | _a20110421d2011 |||y0rusy50 ca | ||
| 101 | 0 | _arus | |
| 102 | _aRU | ||
| 105 | _ay ||||||||| | ||
| 200 | 1 |
_aМетаморфоза _eпьеса _eв 4 действиях _fЕвгений Колкотин |
|
| 210 |
_aМосква _cБеловодье _d2011 |
||
| 215 |
_a46, [1] с. _d22 |
||
| 686 |
_aШ5(2=Р)75-66я44 _2rubbk |
||
| 686 | _aШ6(2=Р)8-62 | ||
| 700 | 1 |
_aКолкотин _bЕ. А. _gЕвгений Александрович _4070 |
|
| 801 | 0 |
_aRU _bАгентство CIP РГБ _c20110421 _grcr |
|
| 801 | 1 |
_aRU _bАгентство CIP РГБ _c20110421 |
|
| 801 | 1 |
_aRU _bРГБ _c20110421 |
|
| 801 | 2 |
_aRU _bNLR _c20110721 _grcr |
|
| 942 | _cBOOK | ||
| 980 | _aNB | ||
| 980 | _aNBR | ||